Регионална библиотека "Любен Каравелов" - Русе

Виждам те (Запис номер 527210)

MARC детайли
000 -Лидер
Лидер 00973nam a2200277 c 4500
003 - Код на организацията, давaща контролен номер
Код на организацията, даваща контролен номер BLK
005 - Дата и час на последна редакция
Дата и час на последна редакция 20250605134504.0
008 - Елементи от данни с фиксирана дължина
Елементи с фиксирана дължина 180411b bul|||||r ||||||| ||bul||
020 ## - Международен стандартен номер на книга ISBN
ISBN 9786199299807
040 ## - Източник на каталожния запис
Код на библиотеката BLK
041 ## - Код за език
Език Български
Език за КДБФ Български
080 ## - УДК
УДК текст Българска литература
УДК код 821.163.2
УДК – определител -93-34
УДК – код + определител 821.163.2-93-34
100 ## - Редна дума - Автор
Автор Табаков, Юлиян Емилов
R(LIN) 1299
245 10 - Сведения за заглавието
Заглавие Виждам те
Авторска отговорност Юлиян Табаков
257 ## - Страна на издаване
Страна на създаване/издаване България
260 ## - Област на издателските данни
Място на издаване София
Име на издателя Тапа
Година на издаване 2024
9 (RLIN) 497507
300 ## - Физическа характеристика
Брой страници 1 албум (97 с.)
Илюстрации с цв. ил.
Размер 23 x 28 см
380 ## - Жанр
Жанр Детска худож. лит.
500 ## - Общи забележки
Обща забележка На Галерия в Библиотека Любен Каравелов подпис
852 ## - Местоположение
Сигнатура (форматна) Цб 326539
856 4# - Електронен адрес и достъп
Електронен формат pdf - файл
856 4# - Електронен адрес и достъп
Електронен формат pdf - файл
942 ## - АРТИКУЛИ
Вид на библиотечния документ Книги
Скрит в OPAC Не
944 ## - СЪЗДАВАНЕ И РЕДАКЦИЯ на ЗАПИСА
Дата на регистрацията/редакция Иваничка Йорданова
Служител, извършил регистрацията/редакцията 30560
Номер на служител Геновева Генчева
999 ## - СИСТЕМНИ КОНТРОЛНИ НОМЕРА
Koha biblionumber 527210
Koha biblioitemnumber 527210
Наличности
Код за отписване Код за изгубен артикул Източник на класификационната схема Код за повреда Коз за рестрикции Код за отдаване Артикулен № Име на библиотеката - собственик Име на библиотеката, в която се намира в момента Статус (Текущо местоположение) Дата на вписване в системата Местоположение - отдел Цена в лева Инвентарен номер Систематично азбучна сигнатура Баркод Цена в евро Служебен тип на артикула Номерация (Хронология)
  Не е изгубен Universal Decimal Classification Не е повреден само за читалня ползва се в читалня 961293 Регионална библиотека "Любен Каравелов" Русе Регионална библиотека "Любен Каравелов" Русе Хранилище 2025-02-19 Хранилище 40.00 120000918281 Цб 326539 120000918281 20.45 Книги  
  Не е изгубен Universal Decimal Classification Не е повреден само за читалня ползва се в читалня 976098 Регионална библиотека "Любен Каравелов" Русе Регионална библиотека "Любен Каравелов" Русе Хранилище 2025-06-13 Основен фонд - ползва се само за читалня 40.00 120000920638 Цб 327176 120000920638 20.45 Книги Автограф : Юлиян Табаков
Vip Innovations Ltd, Rousse, Bulgaria 2025